[Event "Spandau Christmas op 6th"]
[Site "Spandau"]
[Date "2023.12.28"]
[Round "4"]
[White "Goluch, Piotr"]
[Black "Yatskar, Martin"]
[Result "1-0"]
[WhiteElo "2312"]
[BlackElo "2004"]
[PlyCount "77"]
[EventDate "2023.12.27"]
[EventType "swiss"]
[EventRounds "7"]
[EventCountry "GER"]
[SourceTitle "CB01_2024"]
[SourceDate "2024.01.03"]
[SourceVersion "1"]
[SourceVersionDate "2024.01.03"]
[SourceQuality "1"]

1. d4 d5 2. c4 e6 3. Nf3 c5 4. cxd5 exd5 5. Nc3 Nf6 6. g3 Nc6 7. Bg2 Be7 8. 0-0 0-0 9. dxc5 Bxc5 10. Na4 Be7 11. Be3 Bg4 12. Rc1 Qd7 13. Re1 Rfe8 14. Nc5 Bxc5 15. Bxc5 Rad8 16. Nd4 Ne5 17. Bxa7 Ra8 18. Bc5 Rxa2 19. Ba3 Bh3 20. Qb3 Qg4 21. Nf3 Rxa3 22. bxa3 Nc4 23. Qxb7 h5 24. Bxh3 Qxh3 25. Qxf7+ Kh8 26. Qg6 Rf8 27. Ng5 Qd7 28. Nf3 Qh3 29. e4 Ng4 30. exd5 Nd2 31. Qh7+ Kxh7 32. Ng5+ Kg6 33. Nxh3 Nf3+ 34. Kg2 Nxe1+ 35. Rxe1 Ra8 36. Nf4+ Kf7 37. d6 Nf6 38. Re7+ Kg8 39. Ne6 1-0

[Event "Berlin Werner Ott op"]
[Site "Berlin"]
[Date "2022.07.17"]
[Round "9"]
[White "Geldner, Gerrit"]
[Black "Yatskar, Martin"]
[Result "0-1"]
[WhiteElo "1845"]
[BlackElo "1785"]
[PlyCount "70"]
[EventDate "2022.07.09"]
[EventType "swiss"]
[EventRounds "9"]
[EventCountry "GER"]
[SourceTitle "CBM 209 Extra"]
[Source "ChessBase"]
[SourceDate "2022.09.30"]
[SourceVersion "1"]
[SourceVersionDate "2022.09.30"]
[SourceQuality "1"]

1. c4 e6 2. g3 Nf6 3. Bg2 c5 4. Nf3 Be7 5. Nc3 0-0 6. 0-0 d5 7. cxd5 exd5 8. d4 c4 9. Ne5 Be6 10. f4 g6 11. b3 cxb3 12. Qxb3 Nc6 13. e3 Na5 14. Qa4 a6 15. Ba3 Bxa3 16. Qxa3 b5 17. Qb4 Rc8 18. a4 Nc4 19. Rfe1 Qd6 20. Rab1 Qxb4 21. Rxb4 Nd6 22. Ne2 a5 23. Rbb1 b4 24. Nc1 Bf5 25. Rb2 Nc4 26. Nxc4 dxc4 27. e4 Rfe8 28. Rbe2 Bg4 29. Rb2 Rcd8 30. e5 Rxd4 31. Bc6 Nd7 32. Ne2 Bxe2 33. Rexe2 Rd8 34. Rbd2 Nc5 35. Rxd4 Rxd4 0-1